000 00473nam a2200181Ia 4500
001 3545
005 20260306145651.0
008 260306t2012||||xx |||||||||||||| ||spa||
041 _aESP
082 _a289
_bD61
100 _aCrepaldi, Giampaolo
_eAUT
245 0 _aDesarrollo global y ética social:
_btercer informe sobre la doctrina social de la iglesia en el mundo
260 _c2012
300 _a
_c
650 _aGEN
654 _aCHU
942 _cLIB
_dJUS
_fJUS
_2ddc
_n
999 _c3545
_d3545